|
|
|
|
| LEADER |
00000nab a2200000 a 4500 |
| 001 |
vtls001025849 |
| 003 |
SK-MaSNL |
| 005 |
20260303192753.0 |
| 008 |
040720e19990401xo 0 slo |
| 035 |
|
|
|a SL4404
|
| 040 |
|
|
|a SLLK
|b slo
|c SLLK
|e AACR2
|
| 041 |
0 |
|
|a slo
|
| 044 |
|
|
|a xo
|c SK
|
| 080 |
|
|
|a 796.325
|2 1981
|
| 100 |
0 |
|
|a (F.K.)
|4 aut
|9 923657
|
| 245 |
1 |
0 |
|a Zhoda náhod v nepravú chvíľu
|b zmobilizovali psychické a fyzické sily
|
| 610 |
2 |
7 |
|a ŠKM Pienstav (Stará Ľubovňa, Slovensko)
|2 SLLK
|9 1222831
|
| 610 |
2 |
7 |
|a Štyrt Odeta (Michalovce, Slovensko)
|2 SLLK
|9 1223371
|
| 650 |
0 |
7 |
|a volejbal
|2 SLLK
|9 3294
|
| 650 |
0 |
7 |
|a muži
|2 SLLK
|9 4888
|
| 651 |
|
7 |
|a Stará Ľubovňa (Slovensko)
|2 SLLK
|9 19193
|
| 651 |
|
7 |
|a Michalovce (Slovensko)
|2 SLLK
|9 22487
|
| 773 |
0 |
8 |
|t Ľubovnianske noviny
|g Roč. 25, č.13, 1.4.1999, s. 4
|
| 852 |
|
|
|a ZVYKNI
|b KIS3GCP
|
| 999 |
|
|
|c 2148639
|d 2150569
|